| 000 | 00388pab a2200169 454500 | ||
|---|---|---|---|
| 008 | 180718b2002 xxu||||| |||| 00| 0 eng d | ||
| 100 | _aMathew, George | ||
| 245 | _aEnemies of panchayati raj | ||
| 260 | _c2002 | ||
| 300 | _ap.10. | ||
| 362 | _a11 Jan | ||
| 650 | _aPanchayat - India | ||
| 650 | _aPublic administration | ||
| 650 | _aPanchayat | ||
| 773 | _aHindu | ||
| 909 | _a52741 | ||
| 999 |
_c52741 _d52741 |
||